000 01087cam a2200265 4500
008 020726n2002 000 0 eng u
020 _a0195155343
035 _a(Sirsi) u121056
041 _aeng.
050 _a332.6324
_c18
100 _aChan, Su Han
245 _aReal estate investment trusts
_b structure performance and investment opportunities
260 _aNew York
_bOxford University Press
_c2002
300 _ax, 305p.
_bill.
_c25cm.
350 _a30
490 _aFinancial Management Association Survey and Synthesis Series
520 _aAnalyses and synthesizes the existing scholarly research on real estate investment trusts (REITs). The text aims to help investors evaluate REITs and identify those with the greatest investment potential. Also discusses the likely future prospects of this unique investment vehicle.
650 _aPROPERTY INVESTMENT
650 _aREITS
650 _aUNITED STATES
690 _aPROPERTY-COMMERCIAL PROPERTY-COMMERCIAL PROPERTY FINANCE AND INVESTMENT
700 _aErickson, John
700 _aWang, Ko
942 _n0
999 _c102613
_d102613